[Event "Astana Zhuldyzdary Open A"]
[Site "Astana KAZ"]
[Date "2023.07.14"]
[Round "5.35"]
[White "Tokbayev, Anuar"]
[Black "Kuderinov, Kirill"]
[Result "1-0"]
[BlackTitle "IM"]
[WhiteElo "1809"]
[BlackElo "2386"]
[WhiteFideId "13724703"]
[BlackFideId "13701568"]
[EventDate "2023.07.11"]

1. d4 Nf6 2. c4 e6 3. g3 Bb4+ 4. Bd2 Bxd2+ 5. Nxd2 O-O 6. Ngf3 d6 7. Bg2 Qe7 8.
O-O e5 9. e4 Bg4 10. Qc2 Nc6 11. d5 Bxf3 12. dxc6 Bxg2 13. cxb7 Rab8 14. Kxg2
Rxb7 15. Rfd1 Rfb8 16. b3 Nd7 17. Nf1 Nc5 18. Ne3 Ne6 19. Nd5 Qd8 20. Qd2 c6 21.
Ne3 Rd7 22. Ng4 Nc5 23. f3 a5 24. Rac1 Rbb7 25. Qc3 Ne6 26. Ne3 g6 27. Rd2 c5
28. Nd5 Nd4 29. Rf2 f5 30. Qe3 Rf7 31. f4 exf4 32. Rxf4 Qe8 33. Rcf1 Qe5 34.
exf5 gxf5 35. Qf2 Qg7 36. Ne3 Rbe7 37. Nxf5 Rxf5 38. Rxf5 Nxf5 39. Qxf5 Re2+ 40.
Rf2 Rxf2+ 41. Qxf2 Qe5 42. h4 a4 43. Qd2 Qe4+ 44. Kh2 Qe8 45. Qd5+ Kg7 46. Qg5+
Kh8 47. Qf6+ Kg8 48. Qg5+ Kh8 49. h5 axb3 50. axb3 Qe2+ 51. Kh3 Qf1+ 52. Kg4
Qe2+ 53. Kf4 Qf2+ 54. Kg4 Qe2+ 55. Kf4 Qf2+ 56. Ke4 Qd4+ 57. Kf3 Qd3+ 58. Kf2
Qc2+ 59. Kf1 Qd1+ 60. Kg2 Qe2+ 61. Kh3 Qf1+ 62. Kh4 Qh1+ 63. Kg4 Qe4+ 64. Qf4
Qe6+ 65. Kf3 h6 66. g4 Kg7 67. Qf5 Qe8 68. Kf4 Kh8 69. Qf6+ Kg8 70. Qxd6 Qf7+
71. Ke5 Qg7+ 72. Qf6 Qxg4 73. Kd5 Qd7+ 74. Kxc5 Qc8+ 75. Qc6 Qf8+ 76. Kb6 Qb4+
77. Kc7 Qxb3 78. Qg6+ Kh8 79. Qxh6+ Kg8 80. Qg6+ Kh8 81. Qf6+ Kh7 82. c5 Qa3 83.
c6 Qa7+ 84. Kd8 Qa5+ 85. c7 Qd5+ 86. Kc8 Qa8+ 87. Kd7 Qa4+ 88. Kd8 Qd1+ 89. Ke7
Qe2+ 90. Qe6 1-0

[Event "Astana Zhuldyzdary Open A"]
[Site "Astana KAZ"]
[Date "2023.07.14"]
[Round "5.36"]
[White "Assylov, Miras"]
[Black "Danielyan, Vahe"]
[Result "1-0"]
[BlackTitle "IM"]
[WhiteElo "2012"]
[BlackElo "2346"]
[WhiteFideId "13728873"]
[BlackFideId "13304828"]
[EventDate "2023.07.11"]

1. e4 c5 2. Nf3 Nc6 3. d4 cxd4 4. Nxd4 g6 5. c4 Bg7 6. Be3 Nf6 7. Nc3 Ng4 8.
Qxg4 Nxd4 9. Qd1 Ne6 10. Qd2 Qa5 11. Rc1 b6 12. b3 Bb7 13. Nd5 Qxd2+ 14. Kxd2
Rc8 15. f3 Nd4 16. Bd3 e6 17. Nc3 Ke7 18. Rhd1 f5 19. Ke1 h5 20. Bb1 e5 21. exf5
gxf5 22. Bxd4 exd4 23. Nb5 Rc5 24. Nxd4 Kf6 25. Nxf5 Rxf5 26. Bxf5 Kxf5 27. Rxd7
Bh6 28. Rcd1 Bc6 29. Rxa7 Re8+ 30. Kf1 Re6 31. b4 h4 32. b5 Be8 33. Re1 Be3 34.
g3 h3 35. Rh7 Bg6 36. Rxh3 Re5 37. Rh8 Ke6 38. Kg2 Kd6 39. Rc8 Be8 40. f4 Re7
41. Rxe8 1-0

[Event "Astana Zhuldyzdary Open A"]
[Site "Astana KAZ"]
[Date "2023.07.14"]
[Round "5.37"]
[White "Nurgaliyeva, Zarina"]
[Black "Arestanov, Timur"]
[Result "0-1"]
[WhiteTitle "WFM"]
[BlackTitle "FM"]
[WhiteElo "1921"]
[BlackElo "2216"]
[WhiteFideId "13730096"]
[BlackFideId "13701304"]
[EventDate "2023.07.11"]

1. e4 c5 2. Nf3 e6 3. c3 Nf6 4. e5 Nd5 5. d4 cxd4 6. cxd4 b6 7. Bd2 Bb7 8. Nc3
Be7 9. h4 d6 10. Bb5+ Nd7 11. Nxd5 Bxd5 12. Bf4 a6 13. Ba4 dxe5 14. dxe5 O-O 15.
Bc2 Nc5 16. Ng5 h6 17. Qh5 Qe8 18. Qg4 Qb5 19. Rh3 Qb4+ 20. Rc3 hxg5 21. hxg5
Qxb2 22. Bh7+ Kxh7 23. Rh3+ Kg8 24. Rc1 Rfc8 25. Rd1 Ne4 26. Be3 Qb4+ 27. Bd2
Nxd2 0-1

[Event "Astana Zhuldyzdary Open A"]
[Site "Astana KAZ"]
[Date "2023.07.14"]
[Round "5.38"]
[White "Doschanov, Zhaslan"]
[Black "Erserik, Adlet"]
[Result "1-0"]
[WhiteElo "2193"]
[BlackElo "1992"]
[WhiteFideId "13701207"]
[BlackFideId "13709658"]
[EventDate "2023.07.11"]

1. d4 d5 2. c4 c6 3. Nf3 Nf6 4. Qc2 g6 5. Bf4 Bg7 6. e3 O-O 7. Be2 Nbd7 8. Nc3
dxc4 9. Bxc4 c5 10. O-O cxd4 11. Nb5 dxe3 12. Nc7 Rb8 13. Ng5 e5 14. Bxe3 Nb6
15. Bxf7+ Rxf7 16. Nxf7 Kxf7 17. Qb3+ Nbd5 18. Rac1 b6 19. Bg5 Bb7 20. Rfd1 Rc8
21. Nxd5 Rxc1 22. Nxf6+ Bd5 23. Bxc1 Bxb3 24. Rxd8 Bxf6 25. Rd7+ Ke6 26. Rxa7
Bd5 27. b3 Be7 28. Ra6 Bc5 29. Be3 Bb7 30. Ra7 Bxe3 31. fxe3 Be4 32. Ra6 1-0

[Event "Astana Zhuldyzdary Open A"]
[Site "Astana KAZ"]
[Date "2023.07.14"]
[Round "5.39"]
[White "Balmagambetov, Timur"]
[Black "Smirnov, Mark"]
[Result "1-0"]
[BlackTitle "CM"]
[WhiteElo "2143"]
[BlackElo "1931"]
[WhiteFideId "13730258"]
[BlackFideId "13764594"]
[EventDate "2023.07.11"]

1. e4 c5 2. Nf3 Nc6 3. Bb5 g6 4. O-O Bg7 5. Re1 e5 6. b4 cxb4 7. a3 Nge7 8. axb4
O-O 9. Bxc6 bxc6 10. Bb2 d6 11. d4 Qc7 12. dxe5 dxe5 13. Nbd2 Bg4 14. Ra5 Rab8
15. Qa1 f6 16. Rxa7 Qd6 17. Bc3 Rfd8 18. Nc4 Qe6 19. Nfd2 g5 20. Ne3 Bh5 21. Nb3
Nc8 22. Ra6 Bg6 23. f3 Rb6 24. Ra8 Qe7 25. Rd1 Rf8 26. Nc5 Bf7 27. Nd7 Re8 28.
Rxc8 Rxc8 29. Nxb6 1-0

[Event "Astana Zhuldyzdary Open A"]
[Site "Astana KAZ"]
[Date "2023.07.14"]
[Round "5.40"]
[White "Mazhkenov, Alisher"]
[Black "Kolosovskiy, Anton"]
[Result "1-0"]
[WhiteElo "2119"]
[BlackElo "1933"]
[WhiteFideId "13718983"]
[BlackFideId "13705571"]
[EventDate "2023.07.11"]

1. e4 e5 2. Nf3 Nc6 3. Bb5 a6 4. Ba4 Nf6 5. O-O b5 6. Bb3 Bc5 7. c3 d6 8. a4 Bg4
9. Na3 O-O 10. d3 h6 11. Be3 Bxe3 12. fxe3 b4 13. Nc4 Rb8 14. h3 Be6 15. a5 bxc3
16. bxc3 Na7 17. Nfd2 Qe7 18. Qc2 Nd7 19. d4 d5 20. Nxe5 Nxe5 21. exd5 Bxh3 22.
gxh3 Ng6 23. e4 Qh4 24. Rf3 Nf4 25. Kh2 g5 26. Rg1 Kh8 27. e5 f5 28. exf6 Rbe8
29. Ne4 Rxf6 30. Bc4 Rff8 31. d6 cxd6 32. Rg4 Qh5 33. Nxd6 Re1 34. Rfxf4 gxf4
35. Qg2 1-0

[Event "Astana Zhuldyzdary Open A"]
[Site "Astana KAZ"]
[Date "2023.07.14"]
[Round "5.41"]
[White "Dushatov, Timur"]
[Black "Bolat, Inayat"]
[Result "0-1"]
[WhiteElo "1989"]
[BlackElo "2085"]
[WhiteFideId "13781901"]
[BlackFideId "13733125"]
[EventDate "2023.07.11"]

1. e4 e5 2. Nf3 Nc6 3. Nc3 Nf6 4. Bb5 Bb4 5. O-O O-O 6. Bxc6 dxc6 7. d3 Re8 8.
Ne2 h6 9. Ng3 Bf8 10. h3 c5 11. Kh1 b6 12. Ng1 g5 13. f3 Kh7 14. Be3 Bd6 15. Qd2
Rg8 16. N1e2 Be6 17. Nf5 Bxf5 18. exf5 Nh5 19. g4 Nf4 20. Bxf4 gxf4 21. Nc3 Qh4
22. Qh2 Kg7 23. Ne4 f6 24. Qg2 h5 25. Kh2 Kf7 26. Qf2 Qxf2+ 27. Nxf2 Rh8 28. Kg2
Rh6 29. Ne4 Rah8 30. Rh1 Ke7 31. b3 Kd7 32. a4 Be7 33. Rad1 Kc6 34. Ra1 a6 35.
Nc3 R6h7 36. Ne4 Kd5 37. Rae1 Kd4 38. Rd1 b5 39. c3+ Kd5 40. axb5 axb5 41. Rc1
Ra8 42. Ra1 Rhh8 43. Rhc1 c6 44. Rd1 b4 45. cxb4 cxb4 46. Rdc1 h4 47. Kf2 Ra3
48. Nd2 Bc5+ 49. Ke2 Bd4 50. Rab1 Ra2 51. Kd1 Rha8 52. Ne4 Rh2 53. Nxf6+ Kd6 54.
Ne4+ Kd7 55. Nd2 Rxh3 56. g5 Rg3 57. g6 h3 58. Ne4 Rg1+ 59. Ke2 Ra2+ 60. Nd2
Rg2+ 0-1

[Event "Astana Zhuldyzdary Open A"]
[Site "Astana KAZ"]
[Date "2023.07.14"]
[Round "5.42"]
[White "Amirali, Abzal"]
[Black "Dumanuly, Sultanbeibarys"]
[Result "1/2-1/2"]
[WhiteElo "2062"]
[BlackElo "1833"]
[WhiteFideId "13733346"]
[BlackFideId "13731963"]
[EventDate "2023.07.11"]

1. e4 c5 2. Nf3 e6 3. d4 cxd4 4. Nxd4 a6 5. Nc3 b5 6. Bd3 Qb6 7. Nf3 Bb7 8. O-O
Nc6 9. Re1 Bc5 10. Qe2 Nd4 11. Nxd4 Bxd4 12. Bd2 Ne7 13. a4 b4 14. Na2 a5 15. c3
Bc5 16. Bb5 Nc6 17. Nc1 O-O 18. Nb3 Bd6 19. cxb4 Bxb4 20. Be3 Qd8 21. Red1 Qe7
22. Rac1 Rac8 23. Nc5 d6 24. Nxb7 Qxb7 25. f3 Ne7 26. Rxc8 Qxc8 27. Rc1 Qd8 28.
Rd1 Qc8 29. Rc1 Qd8 30. Rd1 Qc8 31. Rc1 1/2-1/2

[Event "Astana Zhuldyzdary Open A"]
[Site "Astana KAZ"]
[Date "2023.07.14"]
[Round "5.43"]
[White "Zvereva, Margarita"]
[Black "Moldagali, Beksultan"]
[Result "0-1"]
[WhiteTitle "WFM"]
[WhiteElo "1857"]
[BlackElo "2050"]
[WhiteFideId "34177741"]
[BlackFideId "13734768"]
[EventDate "2023.07.11"]

1. d4 Nf6 2. Nf3 d5 3. c4 e6 4. g3 Bb4+ 5. Bd2 Be7 6. Bg2 O-O 7. O-O Nbd7 8. Qc2
c6 9. Bf4 b6 10. Nbd2 Bb7 11. e4 Rc8 12. e5 Nh5 13. cxd5 cxd5 14. Qd3 Nxf4 15.
gxf4 g6 16. Kh1 Nb8 17. Rg1 Ba6 18. Qe3 Rc2 19. Bh3 Qd7 20. f5 exf5 21. Qf4 Kh8
22. Ng5 Bxg5 23. Qxg5 Qd8 24. Qh6 Bc8 25. Nf3 Rc7 26. Ng5 f6 27. Rac1 Rg7 28.
Nf3 Be6 29. Nh4 Rfg8 30. Rc3 Nd7 31. Rcg3 Nf8 32. Bxf5 Bf7 33. Bd3 fxe5 34. Nf5
e4 35. Be2 Ne6 36. Nxg7 Rxg7 37. Bg4 Nxd4 38. Rc1 Qf6 39. Rc8+ Rg8 40. Rh3 Qg7
41. Qxg7+ Kxg7 42. Rc7 h5 43. Bd1 Kf6 44. Rxa7 Be6 45. Rg3 h4 46. Re3 Ke5 47.
Rb7 b5 48. Rc3 h3 49. Kg1 Rf8 50. Rg7 Ra8 51. a3 b4 52. Rc1 bxa3 53. bxa3 Kf6
54. Rgc7 Rxa3 55. R7c3 Ra2 56. Kf1 Ke5 57. Rg3 Bf5 58. Bg4 Bxg4 59. Rxg4 Nf3 60.
Rxg6 Nxh2+ 61. Kg1 Nf3+ 62. Kf1 h2 63. Rh6 Ra8 64. Ke2 Kf4 65. Rh7 Rg8 66. Rh1
Rc8 67. Rf7+ Ke5 68. Re7+ Kf6 69. Rh7 d4 70. R7xh2 Nxh2 71. Rxh2 Rc2+ 72. Ke1
Kf5 73. Rh8 Ke5 74. Rd8 Ra2 75. Rd7 Ra6 76. Rd8 Rd6 77. Re8+ Kd5 78. Ke2 Rb6 79.
Rd8+ Ke5 80. Re8+ Kd5 81. Rd8+ Kc4 82. Re8 Kc3 83. Rxe4 d3+ 84. Ke3 d2 85. Ke2
Kc2 86. Rd4 Re6+ 87. Kf3 d1=Q+ 88. Rxd1 Kxd1 89. Kg4 Ke2 90. f4 Ke3 91. f5 Rf6
92. Kg5 Rf8 93. f6 Ke4 94. Kg6 Ke5 95. f7 Ke6 0-1

[Event "Astana Zhuldyzdary Open A"]
[Site "Astana KAZ"]
[Date "2023.07.14"]
[Round "5.44"]
[White "Bayantas, Asman"]
[Black "Zhakan, Erasyl"]
[Result "1/2-1/2"]
[WhiteElo "2046"]
[BlackElo "1813"]
[WhiteFideId "13725254"]
[BlackFideId "13722271"]
[EventDate "2023.07.11"]

1. d4 Nf6 2. c4 e6 3. g3 d5 4. Bg2 dxc4 5. Nf3 Nc6 6. Qa4 Bb4+ 7. Bd2 Nd5 8. Qb5
Bxd2+ 9. Nbxd2 c3 10. bxc3 Nxc3 11. Qb2 Nd5 12. O-O O-O 13. Rac1 Qe7 14. a3 Nb8
15. Rc2 c6 16. Ne5 Na6 17. Rb1 Rd8 18. Ne4 Rb8 19. e3 Bd7 20. Bf1 Ndc7 21. Qc1
Be8 22. h4 f6 23. Nc4 Bg6 24. Bg2 b6 25. Qd1 c5 26. h5 Be8 27. Rd2 cxd4 28. exd4
h6 29. Nc3 b5 30. Ne3 b4 31. axb4 Rxb4 32. d5 1/2-1/2

[Event "Astana Zhuldyzdary Open A"]
[Site "Astana KAZ"]
[Date "2023.07.14"]
[Round "5.45"]
[White "Kenbeilov, Timur"]
[Black "Balabayeva, Xeniya"]
[Result "1-0"]
[BlackTitle "WIM"]
[WhiteElo "1989"]
[BlackElo "2239"]
[WhiteFideId "13715755"]
[BlackFideId "13719688"]
[EventDate "2023.07.11"]

1. c4 e6 2. g3 d5 3. Bg2 Nf6 4. Nf3 Be7 5. O-O O-O 6. b3 c5 7. Bb2 Nc6 8. cxd5
Nxd5 9. d4 Bf6 10. e4 Ndb4 11. a3 Na6 12. e5 Be7 13. Qc2 cxd4 14. Rd1 Qb6 15.
Nbd2 Rd8 16. Nc4 Qc7 17. b4 Rb8 18. Rac1 b5 19. Na5 Nxa5 20. Qxc7 Nxc7 21. Rxc7
Nc4 22. Rxe7 Nxb2 23. Rxd4 Rf8 24. Nd2 a6 25. Rc7 h6 26. Be4 Na4 27. Nb3 g6 28.
Na5 Kg7 29. Bc2 Nb6 30. Bb3 Nd5 31. Bxd5 exd5 32. Rxd5 Be6 33. Rd6 Rfc8 34. Ra7
Bh3 35. f4 Rc2 36. Raxa6 Ra2 37. Rac6 Rg2+ 38. Kh1 Ra2 39. Rc1 Rxa3 40. Rd2 Rc8
41. Rcd1 Rcc3 42. Kg1 Ra4 43. Rb2 Raa3 44. Nb7 Rab3 45. Rbb1 Rxb1 46. Rxb1 Rc2
47. Nd6 Bd7 48. Ne4 Bf5 49. Nf6 Bh3 50. Ne8+ Kg8 51. Rd1 h5 52. Nf6+ Kg7 53. Ne4
Rg2+ 54. Kh1 Rb2 55. Ng5 Be6 56. Nxe6+ fxe6 57. Rd7+ Kf8 58. Rb7 Rxb4 59. Kg2
Rb2+ 60. Kh3 b4 61. Kh4 Rxh2+ 62. Kg5 b3 63. Kf6 Ke8 64. Kxe6 Kd8 65. Rxb3 h4
66. Kf7 hxg3 67. Rd3+ Kc7 68. Kxg6 g2 69. Rg3 Kd7 70. f5 Ke8 71. Kg7 Rh5 72. f6
Rf5 73. e6 Rf2 74. f7+ Ke7 75. Kg8 Rf4 76. Rg7 1-0

[Event "Astana Zhuldyzdary Open A"]
[Site "Astana KAZ"]
[Date "2023.07.14"]
[Round "5.46"]
[White "Temirov, Bakhyt"]
[Black "Akhmedinov, Satbek"]
[Result "1/2-1/2"]
[WhiteTitle "FM"]
[BlackTitle "CM"]
[WhiteElo "2166"]
[BlackElo "1974"]
[WhiteFideId "13704745"]
[BlackFideId "13714287"]
[EventDate "2023.07.11"]

1. d4 Nf6 2. c4 g6 3. Nc3 d5 4. Nf3 Bg7 5. g3 O-O 6. Bg2 c6 7. cxd5 cxd5 8. O-O
Nc6 9. Ne5 Nxe5 10. dxe5 Ng4 11. Nxd5 Nxe5 12. Bf4 Nc6 13. Qb3 h6 14. Be3 Qa5
15. Rfd1 Rb8 16. Rac1 Bg4 17. Qc4 Be6 18. b4 Qa3 19. b5 Ne5 20. Qc5 Qxa2 21.
Nxe7+ Kh7 22. Bf4 b6 23. Qe3 Ng4 24. Qd2 Qxd2 25. Rxd2 Rbd8 26. Nc6 Rc8 27. Rcd1
Bb3 28. Rb1 Be6 29. h3 Nf6 30. Nxa7 Rc4 31. Nc6 Re8 32. Be3 Bf5 33. Rb4 Rc1+ 34.
Kh2 Bf8 35. Rbb2 Bc5 36. Bxc5 Rxc5 37. Rd6 Re6 38. Rxe6 Bxe6 39. e4 Bc4 40. Nd4
Ne8 41. f4 Nd6 42. e5 Nxb5 43. Nb3 Rc7 44. Nd2 Bd3 45. Be4 Be2 46. Kg2 Rc5 47.
Kf2 Bd1 48. Bd3 Ba4 49. Ne4 Nc3 50. Nf6+ Kg7 51. Rxb6 Nd5 52. Nxd5 Rxd5 53. Ke3
Rd7 54. g4 Ra7 55. Be4 Bd7 56. Rd6 Bc8 57. Rd8 Rc7 58. Bd3 Be6 59. f5 Rd7 60.
f6+ Kh7 61. Rb8 Ra7 62. Rb4 Ra1 63. Kf4 Rh1 64. Kg3 Re1 65. Be4 Re3+ 66. Kg2 Ra3
67. Bf3 Re3 68. Rb5 Rd3 69. Kg3 Rc3 70. h4 Bd7 71. Rb6 Be6 72. Rd6 Rc5 73. Kf4
Rc4+ 74. Kg3 Rc3 75. Kf4 Rc4+ 76. Ke3 Rc3+ 77. Kf4 1/2-1/2

[Event "Astana Zhuldyzdary Open A"]
[Site "Astana KAZ"]
[Date "2023.07.14"]
[Round "5.47"]
[White "Zhaksygulov, Askarbai"]
[Black "Voinikonis, Nikita"]
[Result "0-1"]
[BlackTitle "FM"]
[WhiteElo "1974"]
[BlackElo "2133"]
[WhiteFideId "13727427"]
[BlackFideId "34187500"]
[EventDate "2023.07.11"]

1. e4 c5 2. Nf3 d6 3. Bb5+ Nd7 4. a4 Nf6 5. Nc3 g6 6. O-O Bg7 7. a5 a6 8. Be2
O-O 9. d3 b5 10. axb6 a5 11. Nd2 Nxb6 12. f4 a4 13. Qe1 Nfd7 14. Ra3 f5 15. exf5
gxf5 16. Bf3 Ra7 17. Qh4 Nb8 18. Nc4 Nxc4 19. dxc4 Bd7 20. Ne2 Nc6 21. Bxc6 Bxc6
22. Rh3 h6 23. Bd2 e6 24. Qg3 Kh7 25. Bc3 Rg8 26. Qf2 Bxc3 27. Nxc3 Rxg2+ 28.
Qxg2 Bxg2 29. Kxg2 a3 30. bxa3 Rxa3 31. Rb1 Qa8+ 32. Kf2 Ra1 33. Rb6 Qh1 34. Ne2
Qf1+ 35. Kg3 Qxe2 36. Rb7+ Kg6 0-1

[Event "Astana Zhuldyzdary Open A"]
[Site "Astana KAZ"]
[Date "2023.07.14"]
[Round "5.48"]
[White "Amangeldy, Ernur"]
[Black "Ulkhanov, Azamat"]
[Result "1-0"]
[WhiteElo "1932"]
[BlackElo "2064"]
[WhiteFideId "13720244"]
[BlackFideId "13700235"]
[EventDate "2023.07.11"]

1. d4 d6 2. e4 g6 3. Be3 Bg7 4. Nc3 c6 5. f4 d5 6. e5 h5 7. Nf3 Nh6 8. Bd3 Bf5
9. Be2 Nd7 10. O-O Bg4 11. Bf2 Bxf3 12. Bxf3 e6 13. Ne2 Nf5 14. Ng3 Nxg3 15.
hxg3 Rc8 16. Qe2 Bf8 17. Rad1 Qa5 18. b3 b5 19. f5 exf5 20. c4 bxc4 21. bxc4 Bg7
22. cxd5 cxd5 23. Be1 Qb6 24. Bxd5 O-O 25. Bf2 Rfe8 26. Bb3 Nf6 27. d5 Qa5 28.
e6 fxe6 29. dxe6 Re7 30. Rd7 Rc7 31. Qe1 Qb5 32. Rxc7 Rxc7 33. e7+ Kh7 34. Bf7
Qb7 35. e8=Q Nxe8 36. Bxe8 Re7 37. Bc6 Qc7 38. Qc1 Be5 39. Qa3 Bd6 40. Qf3 Qa5
41. Bd5 Bc5 42. Bb3 Re1 43. Bxc5 Qxc5+ 44. Kh2 Rxf1 45. Qxf1 Kh6 46. Qg1 Qe7 47.
Qd4 Kh7 48. Qd5 Kh6 49. Qf7 Qe3 50. Qf6 Qe2 51. Bf7 1-0

[Event "Astana Zhuldyzdary Open A"]
[Site "Astana KAZ"]
[Date "2023.07.14"]
[Round "5.49"]
[White "Akhilbay, Imangali"]
[Black "Karibayev, Dimash"]
[Result "1-0"]
[WhiteElo "2049"]
[BlackElo "1876"]
[WhiteFideId "13734857"]
[BlackFideId "13720333"]
[EventDate "2023.07.11"]

1. e4 e6 2. Qe2 Be7 3. d4 d5 4. e5 c5 5. Qg4 Bf8 6. dxc5 Qc7 7. Nf3 Qxc5 8. c3
Bd7 9. Bd3 Qc7 10. O-O Nc6 11. Re1 Nge7 12. Na3 a6 13. Qg3 g6 14. Bg5 Bg7 15.
Nc2 h6 16. Bf4 Rc8 17. h4 Rg8 18. Ne3 g5 19. hxg5 hxg5 20. Qxg5 Bf8 21. Qh4 Ng6
22. Bxg6 Rxg6 23. Nxd5 exd5 24. e6 Bd6 25. Qh8+ Ke7 26. Bg5+ Rxg5 27. exd7+ Kxd7
28. Qh3+ Kd8 29. Nxg5 Ne5 30. Rad1 Ng6 31. Qf5 Bh2+ 32. Kh1 1-0

[Event "Astana Zhuldyzdary Open A"]
[Site "Astana KAZ"]
[Date "2023.07.14"]
[Round "5.50"]
[White "Tkachyov, Adil"]
[Black "Khamit, Daulet"]
[Result "1-0"]
[WhiteElo "1979"]
[BlackElo "1822"]
[WhiteFideId "13713558"]
[BlackFideId "13709542"]
[EventDate "2023.07.11"]

1. d4 e6 2. c4 f5 3. g3 Nf6 4. Bg2 c6 5. Nc3 d5 6. cxd5 exd5 7. Nf3 Bd6 8. O-O
O-O 9. Qc2 Qe8 10. a3 Ne4 11. Bf4 Nd7 12. Nxe4 Bxf4 13. Nc5 Bd6 14. e3 a5 15. b4
Qe7 16. Rfc1 Nb8 17. Rcb1 b6 18. Na4 axb4 19. axb4 Qa7 20. Qc3 Qb7 21. Ne5 Bd7
22. Nc5 Bxc5 23. bxc5 Rxa1 24. Qxa1 b5 25. Rb2 Rc8 26. Ra2 Rc7 27. Ra5 g6 28.
Qa2 Kg7 29. f3 Kf6 30. e4 Be6 31. exf5 Bxf5 32. g4 b4 33. gxf5 b3 34. Ng4+ Kf7
35. fxg6+ hxg6 36. Ne5+ Kf6 37. Qb1 1-0

[Event "Astana Zhuldyzdary Open A"]
[Site "Astana KAZ"]
[Date "2023.07.14"]
[Round "5.51"]
[White "Volchkova, Alena"]
[Black "Maevsky, Nikolay"]
[Result "1-0"]
[BlackTitle "FM"]
[WhiteElo "1824"]
[BlackElo "2277"]
[WhiteFideId "54104408"]
[BlackFideId "4198220"]
[EventDate "2023.07.11"]

1. e4 c6 2. d4 d5 3. e5 Bf5 4. Nf3 e6 5. Be2 Nd7 6. O-O Bg6 7. a4 Ne7 8. a5 a6
9. b4 Nf5 10. c3 h5 11. Nbd2 f6 12. Nb3 fxe5 13. dxe5 Nh4 14. Nbd4 Nxf3+ 15.
Nxf3 Qc7 16. Bf4 Be7 17. Bd3 Bf7 18. Qc2 O-O-O 19. Rfe1 Rdf8 20. Qd2 Kb8 21. Bg5
Qd8 22. c4 Bg8 23. Bxe7 Qxe7 24. cxd5 exd5 25. Nd4 Ka8 26. Rab1 Bh7 27. Bxh7
Rxh7 28. Qd3 Rh6 29. e6 Nb8 30. Nf5 Rxf5 31. Qxf5 Rf6 32. Qg5 c5 33. bxc5 d4 34.
Qd5 Nc6 35. Rb6 Ka7 36. Rxc6 bxc6 37. Qd7+ 1-0

[Event "Astana Zhuldyzdary Open A"]
[Site "Astana KAZ"]
[Date "2023.07.14"]
[Round "5.52"]
[White "Mukhametkali, Merey"]
[Black "Kanaev, Ardak"]
[Result "1-0"]
[WhiteElo "1923"]
[BlackElo "1865"]
[WhiteFideId "13727389"]
[BlackFideId "13701533"]
[EventDate "2023.07.11"]

1. d4 Nf6 2. c4 g6 3. Nc3 d5 4. h4 Bg7 5. h5 Nxh5 6. cxd5 c6 7. e4 cxd5 8. e5
Nc6 9. g4 Nf6 10. exf6 Bxf6 11. Be3 a6 12. Bg2 Be6 13. g5 Bg7 14. Nge2 Qd6 15.
Qd2 Rc8 16. Nf4 O-O 17. Nfxd5 Bxd5 18. Nxd5 Rfd8 19. O-O Qe6 20. Nf4 Qg4 21. f3
Qg3 22. Ne2 Qd6 23. Rfd1 Nb4 24. Nc3 Nc6 25. Ne4 Qd5 26. f4 Qb5 27. Nc3 Qf5 28.
Qf2 Na5 29. Kh2 Nc4 30. Bh3 Qa5 31. Bxc8 Rxc8 1-0

[Event "Astana Zhuldyzdary Open A"]
[Site "Astana KAZ"]
[Date "2023.07.14"]
[Round "5.53"]
[White "Sovetbekova, Nurai"]
[Black "Boran, Shyngys"]
[Result "1/2-1/2"]
[WhiteTitle "WFM"]
[WhiteElo "1823"]
[BlackElo "1891"]
[WhiteFideId "13801910"]
[BlackFideId "13715429"]
[EventDate "2023.07.11"]

1. d4 d5 2. c4 e6 3. Nc3 Nf6 4. Bf4 a6 5. e3 Nbd7 6. Nf3 Bb4 7. Qb3 Bxc3+ 8.
bxc3 c5 9. cxd5 Nxd5 10. Bd6 cxd4 11. cxd4 N7f6 12. Ba3 Qa5+ 13. Nd2 Bd7 14. Bd3
Rc8 15. Rc1 Rxc1+ 16. Bxc1 O-O 17. O-O Nb4 18. Bb1 Rc8 19. Nc4 Qc7 20. Qxb4 Qxc4
21. Qd2 Nd5 22. Bb2 Qb4 23. Qxb4 Nxb4 24. Rc1 Rxc1+ 25. Bxc1 Bb5 26. f3 Bc4 27.
a3 Nd5 28. Kf2 a5 29. Bc2 b6 30. Bd2 1/2-1/2

[Event "Astana Zhuldyzdary Open A"]
[Site "Astana KAZ"]
[Date "2023.07.15"]
[Round "6.1"]
[White "Muradli, Mahammad"]
[Black "Ponkratov, Pavel"]
[Result "1/2-1/2"]
[WhiteTitle "GM"]
[BlackTitle "GM"]
[WhiteElo "2546"]
[BlackElo "2589"]
[WhiteFideId "13409301"]
[BlackFideId "4157800"]
[EventDate "2023.07.11"]

1. d4 Nf6 2. c4 e6 3. Nf3 d5 4. Nc3 Bb4 5. Bg5 Nbd7 6. cxd5 exd5 7. e3 c5 8.
dxc5 Qa5 9. Rc1 Bxc3+ 10. bxc3 O-O 11. Nd4 Ne4 12. Bh4 Qxc5 13. f3 Nef6 14. c4
Re8 15. Qd2 Qe7 16. Bf2 b6 17. cxd5 Nxd5 18. e4 Ne5 19. Be2 Qb4 20. Bg3 Nd3+ 21.
Bxd3 Qxd4 22. Bb5 Qxd2+ 23. Kxd2 Rd8 24. Ke2 Nb4 25. Bc7 Bd7 26. a4 Bxb5+ 27.
axb5 Rd3 28. Rhd1 Rb3 29. Ra1 f5 30. Bxb6 Re8 31. Bxa7 fxe4 32. fxe4 Rxe4+ 33.
Kf1 Re5 34. b6 Nc2 35. Rd8+ Kf7 36. Rc1 Ne3+ 37. Kg1 Re7 38. Rd2 Ng4 39. h3 Nf6
40. Rc6 Rb1+ 41. Kh2 Ree1 42. Rc7+ Kg6 43. Rc6 h5 44. Kg3 Kh7 45. Rdc2 Ne4+ 46.
Kf4 Rb5 47. h4 g6 48. g4 hxg4 49. Rc7+ Kh6 50. b7 Nf6 51. b8=Q Rxb8 52. Bxb8
Nd5+ 53. Kxg4 Rg1+ 54. Kh3 Nxc7 55. Bxc7 g5 56. Rc6+ Kh5 57. Rc5 Kg6 58. Rc6+
Kh5 59. hxg5 Kxg5 60. Rc5+ Kf6 61. Bg3 Ke6 62. Kg4 Ra1 63. Re5+ Kd7 64. Kf5 Rf1+
65. Ke4 Rg1 66. Bf2 Rf1 67. Be3 Kd6 68. Rb5 Re1 69. Rb6+ Kc7 70. Rg6 Kd7 71. Rh6
Kc7 72. Kd4 Kd7 73. Ra6 Re2 74. Bf4 Re6 75. Ra7+ Kc6 76. Rc7+ Kb6 77. Rc1 Rf6
78. Be5 Rf2 79. Kd5 Rd2+ 80. Bd4+ Kb7 81. Rc4 Rd1 82. Kd6 Rh1 83. Rb4+ Kc8 84.
Be5 Rh6+ 85. Kd5 Rh5 86. Rb8+ Kd7 87. Rb7+ Kc8 88. Rg7 Kd8 89. Ra7 Rh1 90. Bd6
Re1 91. Rh7 Rc1 92. Rg7 Re1 93. Be5 Rc1 94. Bf4 Rf1 95. Kd6 Ke8 96. Be5 Rf7 97.
Rg8+ Rf8 98. Rg6 Rf7 99. Bf6 Rd7+ 100. Ke5 Rb7 101. Rg8+ Kd7 102. Rg7+ Kc6 103.
Rxb7 1/2-1/2

[Event "Astana Zhuldyzdary Open A"]
[Site "Astana KAZ"]
[Date "2023.07.15"]
[Round "6.2"]
[White "Moiseenko, Alexander"]
[Black "Makhnev, Denis"]
[Result "1/2-1/2"]
[WhiteTitle "GM"]
[BlackTitle "GM"]
[WhiteElo "2575"]
[BlackElo "2454"]
[WhiteFideId "14102560"]
[BlackFideId "13707647"]
[EventDate "2023.07.11"]

1. d4 d5 2. c4 e6 3. Nc3 c6 4. e3 Nf6 5. Nf3 Nbd7 6. Bd3 dxc4 7. Bxc4 b5 8. Be2
b4 9. Na4 Bb7 10. O-O Be7 11. a3 a5 12. b3 O-O 13. axb4 axb4 14. Bb2 1/2-1/2